000 00501nam a22001817a 4500
003 CEME
005 20210628202413.0
008 210302b xxu||||| |||| 00| 0 eng d
020 _a81-219-0651-2
040 _c.
082 _a620.1 KHU
100 _aKurmi. R.S
_959778
245 _aA textbook of engineering mechanics, applied mechanics
260 _aNEW DELHI
_bS.CHAND PUBLISHER
_c1999
300 _a840P
650 _aMECHANICS,ENGINEERING; ENGINEERING MECHANICS
_959779
942 _cBK
_2ddc
999 _c569670
_d569670